Most Streamed Electronic Artists On Spotify - Statistics

General Stats
  • This quiz has been taken 45 times
  • The average score is 5 of 16
Answer Stats
# Artist Streams % Correct
1 David Guetta 29.4B
76%
5 Avicii 16.6B
60%
2 Calvin Harris 25.8B
52%
4 Marshmello 19.0B
50%
10 Tiësto 11.4B
43%
9 Martin Garrix 11.4B
36%
8 DJ Snake 12.4B
31%
3 The Chainsmokers 19.5B
31%
6 Kygo 15.6B
29%
7 Alan Walker 12.7B
26%
12 Diplo 9.3B
26%
13 Zedd 9.1B
21%
11 Major Lazer 10.6B
19%
14 Robin Schulz 9.1B
10%
15 Clean Bandit 8.7B
2%
16 Jonas Blue 7.9B
2%
No matching quizzes found
Score Distribution
Percent of People with Each Score
Percentile by Number Answered
Your Score History
You have not taken this quiz